000 01072nam a2200277Ia 4500
003 OSt
005 20221005105057.0
006 a|||||r|||| 00| 0
007 ta
008 221004b |||||||| |||| 00| 0 hin d
020 _a9789380172439 (pbk)
_cINR 160.00
024 _a37743
037 _b1513, 21/02/2018, Bookwell
_cTextual
040 _aCRL
_cCRL
_bhin
041 _2hin
_ahin
082 _aY15:4.2, 152P6;Q6
100 _aजोशी, गोपा, ले.
245 0 _aभारत में स्त्री असमानता
_b एक विमर्श
246 _aBhārat mean strī asamānatā: ek vimarsha
260 _aदिल्ली
_bहिंदी माध्यम कार्यान्वय निदेशालय भारत
_c2016
300 _a468पृ0
_ccm.
650 _a नारी
650 _aभारतीय-लोक साहित्य
942 _hY15:4.2, 152P6;Q6
_cTEXL
_2cc
999 _c1014683
_d1014683